Movies Quiz

Random Movies Quiz

Lupita Nyong'o's Movies Quiz Stats

 Plays Quiz not verified by Sporcle

Also try: Brad Pitt Movies
Challenge
Share
Tweet
Embed
Score 0/7 Timer 00:30
0 Plays Today
Year Title % Correct
201312 Years a Slave
100%
2015Star Wars: The Force Awakens
93.9%
2017Star Wars: The Last Jedi
84.6%
2014Non-Stop
62.9%
2016The Jungle Book
62.1%
2016Queen of Katwe
42.4%
2018Black Panther
37.5%

You're not logged in!

Compare scores with friends on all Sporcle quizzes.
OR
Log In

You Might Also Like...

Show Comments

Extras

Created Mar 11, 2014SourceReportNominate
Tags:character

Top Quizzes Today


Score Distribution

Your Account Isn't Verified!

In order to create a playlist on Sporcle, you need to verify the email address you used during registration. Go to your Sporcle Settings to finish the process.

Report this User

Report this user for behavior that violates our Community Guidelines.

Details: